000 00544cam a2200217 4500
008 090401t1980 xxu||||| |||| 00| 0 eng d
020 _a0070849498
035 _a(Sirsi) u34440
041 _aeng
050 _a658.3
100 _aHoney, Peter
245 _aSolving people-problems
260 _aLondon
_bMcGraw-Hill Book Company (UK) Limited
_c1980
300 _ax,137p. ; 23cm.
350 _a6.95
650 _aBEHAVIOURAL PROBLEMS
650 _aMANAGEMENT
650 _aPERSONNEL MANAGEMENT
942 _n0
948 _c04/03/1997
999 _c89946
_d89946